000 06057cam a22004814i 4500
003 PE-LiUPU
005 20250731173404.0
008 150706s2009 tnua rb 000 0 spa d
020 _a9780805495225
035 _a(Sirsi) i9780805495225
040 _aPE-LiUPU
_bspa
_cPE-LiUPU
_erda
049 _aPRUA
082 0 4 _a239
_bP82
_221
100 1 _aPowell, Doug,
_eautor.
245 1 0 _aGuía holman de apologética cristiana :
_bpruebas y fundamentos de la cristiana /
_cDoug Powell ; Nora Redaelli,traductora.
264 1 _aTennessee :
_bB&H Publishing Group,
_c2009.
300 _a375 páginas :
_bilustraciones ;
_c23 centímetros
336 _atext
_2rdacontent
337 _aunmediated
_2rdamedia
338 _avolume
_2rdacarrier
504 _aReferencias bibliográficas al final de cada capítulo.
505 0 _a¿Qué es la apologética? -- La apologética está dirigida también a los creyentes -- La apologética en la Biblia -- El uso y el abuso -- Tollers y Jack -- Conclusión -- ¿Existe Dios? El argumento cosmológico -- Definiciones -- El argumento cosmológico de kalam -- El argumento cosmológico de tomista -- El argumento cosmológico de leibniziano -- Los argumentos científicos -- Conclusión -- ¿Existe Dios? El argumento del diseño -- El relojero -- El argumento -- Antecedentes históricos -- Diferentes matices del argumento -- El "ajuste fino" como diseño: el principio antrópico -- La información como diseño: teoría de la información y el ADN -- La complejidad como diseño: complejidad irreductible -- Un comentario de carácter táctico -- Conclusión -- ¿Existe Dios? Un argumento moral -- Definiciones -- El relativismo -- El relativismo cultural -- El convencionalismo -- El subjetivismo ético -- La moral objetiva -- ¿De dónde surge la moral? -- ¿De dónde surge la moral de Dios? -- ¿Qué ocurre cuando los sistemas morales están en conflictos? -- Conclusión -- ¿Cuál Dios existe? -- El elefante y los seis sabios ciegos -- El zapatito de cristal -- Ateísmo -- Agnosticismo -- Panteísmo -- Panenteísmo -- Teísmo limitado -- Politeísmo -- Deísmo -- Monoteísmo -- Conclusión -- ¿Cuál fue el origen del Nuevo Testamento? -- El desafío -- ¿Quién seleccionó los libros y cómo fue el proceso de selección? -- ¿Quién escribió los libros? -- Datación de los evangelios -- Datación de los escritos paulinos -- ¿Qué ocurrió con los libros que no fueron aceptados? -- Conclusión -- ¿Es confiable el nuevo testamento? -- La dificultad que plantea el nuevo testamento -- La crítica textual -- El proceso de transmisión -- La autoridad de los manuscritos -- ¿Miles de errores? -- La arqueología y los textos no cristianos -- ¿El nuevo testamento es la Palabra de Dios por inspiración divina? -- Conclusión -- ¿Es confiable el antiguo testamento? -- ¿Por qué prestarle atención al antiguo testamento? -- ¿Qué es el antiguo testamento? -- ¿Cómo se escribió el antiguo testamento? -- La diferencia entre el tanaj y el antiguo testamento -- La septuaginta -- Los talmudistas -- Los masoretas -- Los rollos del mar muerto -- Los libros apócrifos -- La confirmación arqueológica -- Conclusión -- ¿Existen los milagros? -- ¿Qué es un milagro? -- Contexto y posibilidad de los milagros -- ¿Las ciencias naturales pueden probar que los milagros no existen? -- ¿Se puede probar a través de la experiencia que los milagros no existen? -- ¿Cuál es el propósito de los milagros? -- ¿Qué ocurre con los milagros que nos parecen crueles? -- ¿Qué ocurre con los milagros que no son obra de Dios? -- Los milagros de otras religiones -- El budismo -- El hinduismo -- El islamismo -- Conclusión -- ¿Qué lugar ocupa la profecía? -- ¿Quiénes fueron los profetas y qué es la profecía? -- Ejemplos de profecías cumplidas en el antiguo testamento -- La ciudad de Tiro -- El reino de Edom -- Alejandro Magno -- Las profecías sobre la venida de Cristo -- Las setenta semanas de Daniel -- Conclusión -- ¿Fue real la resurrección? -- Lo que está en juego -- ¿Qué es la resurrección? -- Solo los hechos -- La teoría del desvanecimiento -- La teoría del hermano mellizo -- El cuerpo robado -- La teoría de la alucinación -- La tumba equivocada -- La teoría del extrarrestre -- La leyenda -- El relato de la resurrección en el Corán -- El relato bíblico de la resurrección -- Conclusión -- ¿Jesús dijo que era Dios? ¿Él es el único camino? -- ¿Dios o fraude? -- El Mesías -- Jesús nunca dijo: "Yo soy Dios" -- Blasfemia (?) -- El perdón de los pecados -- Jesús acepta que lo adoren -- ¿Jesús es el único camino que conduce a Dios? -- Conclusión -- ¿Por qué Dios permitió que existiera el mal? -- ¿Qué es el mal? -- Teodicea y defensa -- El argumento lógico a partir de la existencia del mal -- El argumento evidencial a partir de la existencia del mal -- La necesidad de redefinir el problema del mal -- ¿Por qué Dios no acaba con el mal? -- Cómo resolver el problema del mal -- Metodología -- La caja de herramientas -- Apologética clásica -- Evidencialismo -- Presuposicionalismo -- Fideísmo -- Interacción crítica -- Apologética integral -- Conclusión.
526 _aSEG42
526 _aSEG41
526 _aSEG40
526 _aSEG39
526 _aP94
526 _aP87
526 _aP86
526 _aP85
526 _aP77
526 _aP76
526 _aP35
541 _g001-0000520;
650 0 4 _aApologética
_xCristianismo.
700 1 _aRedaelli, Nora,
_etrad.
910 _cjck
_d20110804
942 _2ddc
_cBOOK
949 _a239 P82
_wDEWEY
_c1
_i63265
_lCCODEBUL1
_mBUL
_p16.00
_r0
_sY
_tBOOK
_u2015-7-6
_xTEOLOGIA
_PP35
_o.STAFF. Colección General
994 _aC0
_bPEPRU
596 _a1
999 _a239 P82
_wDEWEY
_c52267
_i63265
_d52267
_e2018-10-1
_f2021-11-10
_g5
_lCCODEBUL1
_mBUL
_n20
_p16.00
_q5
_r0
_sY
_tBOOK
_u2015-7-6
_xTEOLOGIA
_PP35
_0COMPRA
_o.STAFF. Colección Teología
980 _81
_gALBERTO SANCHEZ Responsable de Automatización